Somatic embryo induction and plant regeneration from RRII 400 series clones of rubber tree (Hevea brasiliensis Muell. Arg) (Record no. 68901)

MARC details
000 -LEADER
fixed length control field 00718nam a2200181Ia 4500
100 ## - MAIN ENTRY--AUTHOR NAME
Personal name Sushamakumari S
245 #0 - TITLE STATEMENT
Title Somatic embryo induction and plant regeneration from RRII 400 series clones of rubber tree (Hevea brasiliensis Muell. Arg)
260 ## - PUBLICATION, DISTRIBUTION, ETC. (IMPRINT)
Name of publisher Proceedings & Abstracts: St International Society Biotechnology Conference (ISBT 2008), 28-30 December 2008, Research Journal of Bio Technology and Sikkim Manipal University, India, pp75.
520 ## - SUMMARY, ETC.
Summary, etc DL
650 ## - SUBJECT ADDED ENTRY--TOPICAL TERM
Topical Term Plant regeneration
650 ## - SUBJECT ADDED ENTRY--TOPICAL TERM
Topical Term RRII 400 series clones
650 ## - SUBJECT ADDED ENTRY--TOPICAL TERM
Topical Term Somatic embryo induction
700 ## - ADDED ENTRY--PERSONAL NAME
Personal name Divya S Ramanan
700 ## - ADDED ENTRY--PERSONAL NAME
Personal name Sobha S
856 ## - ELECTRONIC LOCATION AND ACCESS
Uniform Resource Identifier Abst only
942 ## - ADDED ENTRY ELEMENTS (KOHA)
Koha item type Journals
Holdings
Withdrawn status Lost status Damaged status Not for loan Home library Current library Shelving location Date acquired Koha item type
      Journals RRII Library RRII Library Biotechnology 27/01/2009 Journals